Towards Sustainable Development in the Woodworking Enterprises in Slovakia

Cieľom príspevku je analyzovať smerovanie drevospracujúceho podniku k trvalo udržateľnému rozvoju na Slovensku s dôrazom na strategické požiadavky, výzvy a transformačné cesty, ktoré formujú tento kľúčový prechod.

Na minha lista:
Detalhes bibliográficos
Autor principal: Richnák, Patrik, 1988-
Outros Autores: Drábik, Peter, 1981-, Hanuláková, Eva, 1964-, Rehák, Róbert, 1984-
Formato: Capítulo de Livro
Idioma:inglês
Assuntos:
Tags: Adicionar Tag
Sem tags, seja o primeiro a adicionar uma tag!

MARC

LEADER 00000naa$a2200000$$$4500
001 0303576
005 20241017123754.7
041 0 |a eng 
044 |a HR 
245 1 0 |a Towards Sustainable Development in the Woodworking Enterprises in Slovakia  |c Patrik Richnák, Peter Drábik, Eva Hanuláková, Róbert Rehák 
520 |a Cieľom príspevku je analyzovať smerovanie drevospracujúceho podniku k trvalo udržateľnému rozvoju na Slovensku s dôrazom na strategické požiadavky, výzvy a transformačné cesty, ktoré formujú tento kľúčový prechod. 
610 2 0 |a rozvoj trvalo udržateľný 
610 2 0 |a udržateľnosť 
610 2 0 |a priemysel drevársky 
610 2 0 |a politika environmentálna 
610 2 0 |a ochrana prostredia životného 
610 2 0 |a transformácia 
100 1 |a Richnák, Patrik, 1988- 
700 1 |a Drábik, Peter, 1981- 
700 1 |a Hanuláková, Eva, 1964- 
700 1 |a Rehák, Róbert, 1984-